[Event "N3_Gr_12"]
[Site "?"]
[Date "2004.01.18"]
[Round "5.4"]
[White "Crapis, Frederic"]
[Black "Desterne, Romain"]
[Result "0-1"]
[WhiteElo "2026"]
[BlackElo "2050"]
[PlyCount "74"]
[EventDate "2004.??.??"]

{N3 Ronde 5 Match Clermont-Ferrand PdR / Vienne
} 1. d4 d5 2. Bg5 c6 3. e3 Bf5
4. c4 Qb6 5. Qc1 Bxb1 6. Rxb1 dxc4 7. Qc3 e5 8. a3 exd4 9. exd4 Be7 10. Nf3 Qd8
11. Bxc4 Bxg5 12. O-O Bf6 13. Qb3 Ne7 14. Bxf7+ Kf8 15. Bh5 g6 16. Bg4 b6 17.
Rfe1 Qd5 18. Qe3 Kg7 19. Be6 Qd6 20. Rbd1 Nd5 21. Bxd5 Qxd5 22. Qf4 Rf8 23. Qg4
Nd7 24. Ne5 Rad8 25. f4 a5 26. h4 Kh8 27. h5 gxh5 28. Qxh5 Nxe5 29. dxe5 Qc5+
30. Kh2 Rd5 31. Rc1 Qd4 32. Qh6 Bg7 33. Qxc6 Qxf4+ 34. Kg1 Rxe5 35. Rxe5 Bxe5
36. g3 Qxg3+ 37. Qg2 Qe3+ 0-1

[Event "N3_Gr_12"]
[Site "?"]
[Date "2004.01.18"]
[Round "5.5"]
[White "Kljucanin, Sead"]
[Black "Badoual, Patrice"]
[Result "0-1"]
[WhiteElo "2050"]
[BlackElo "2070"]
[PlyCount "116"]
[EventDate "2004.??.??"]

{N3 Ronde 5 Match Clermont-Ferrand PdR / Vienne
} 1. d4 d5 2. Nf3 c6 3. a3 Nf6
4. Bf4 Bf5 5. e3 e6 6. Be2 Bd6 7. Ne5 Bxe5 8. Bxe5 Nbd7 9. Bf4 O-O 10. Nd2 Re8
11. O-O e5 12. Bg3 exd4 13. exd4 Bxc2 14. Qxc2 Rxe2 15. Qd3 Re6 16. Rfe1 Qe7
17. f3 Nf8 18. Rxe6 Nxe6 19. Re1 Qd7 20. Bh4 Ne8 21. b3 Nd6 22. a4 Re8 23. Bg3
Nc7 24. Rxe8+ Ndxe8 25. Kf2 Qe7 26. Bxc7 Nxc7 27. Qf5 Qe6 28. Qf4 Qe7 29. g3 h6
30. Qf5 Qe6 31. Qf4 Qe7 32. Qf5 Ne6 33. Qd3 Qb4 34. Ke3 a6 35. f4 c5 36. dxc5
Qxc5+ 37. Kf3 Nd4+ 38. Kg2 b5 39. axb5 axb5 40. Qe3 Qb4 41. Qd3 Qc5 42. Qe3 Ne6
43. Qxc5 Nxc5 44. Kf3 Kf8 45. Ke3 Ke7 46. Kd4 Kd6 47. f5 b4 48. g4 f6 49. h3
Kc6 50. h4 Kd6 51. Nf3 Nxb3+ 52. Kd3 Nc5+ 53. Kc2 Nd7 54. g5 Ne5 55. gxh6 gxh6
56. Nd4 Nc6 57. Nf3 Kc5 58. h5 Nd4+ 0-1

[Event "N3_Gr_12"]
[Site "?"]
[Date "2004.01.18"]
[Round "5.6"]
[White "Gerest, Yves"]
[Black "Marie, Adrien"]
[Result "1-0"]
[WhiteElo "1840"]
[BlackElo "2040"]
[PlyCount "107"]
[EventDate "2004.??.??"]

{N3 Ronde 5 Match Clermont-Ferrand PdR / Vienne
} 1. e4 e6 2. Nf3 d5 3. exd5
exd5 4. d4 Nf6 5. Bg5 Be7 6. Bd3 Bg4 7. h3 Bh5 8. Nbd2 O-O 9. O-O Nbd7 10. c3
c6 11. Qc2 Bg6 12. Bxg6 fxg6 13. Rae1 Bd6 14. Ne5 Qc7 15. f4 c5 16. dxc5 Nxc5
17. Qd1 Rae8 18. Ndf3 Nce4 19. Bxf6 Qc5+ 20. Nd4 Nxf6 21. Qb3 Re7 22. Nd3 Qc8
23. Rxe7 Bxe7 24. Nb4 Qd7 25. Nd3 Bd6 26. f5 Qf7 27. fxg6 Qxg6 28. Nf5 Kh8 29.
Qxb7 Bb8 30. Qa6 Qf7 31. Nc5 Qc7 32. b4 Qh2+ 33. Kf2 Ne4+ 34. Nxe4 Rxf5+ 35.
Ke3 Bf4+ 36. Kd4 g6 37. Qc8+ Kg7 38. Qd7+ Kh6 39. Nf2 Be5+ 40. Kc5 Qxg2 41.
Ng4+ Kg5 42. Rxf5+ gxf5 43. Qe7+ Bf6 44. Qxf6+ Kf4 45. Qe5+ Kg5 46. Qe3+ Kh4
47. Nf2 Kh5 48. Nd3 Qe4 49. Nf4+ Kh4 50. Qf2+ Kg5 51. Qg3+ Kh6 52. Nxd5 Qe6 53.
Qh4+ Kg7 54. Qe7+ 1-0

[Event "N3_Gr_12"]
[Site "?"]
[Date "2004.01.18"]
[Round "5.7"]
[White "Mademone, Mohamed"]
[Black "Colombi-Gamrat, Marie-Pierre"]
[Result "1-0"]
[WhiteElo "1720"]
[BlackElo "1850"]
[PlyCount "79"]
[EventDate "2004.??.??"]

{N3 Ronde 5 Match Clermont-Ferrand PdR / Vienne
} 1. d3 d5 2. c3 Nf6 3. Nd2 e6
4. e4 dxe4 5. dxe4 Bc5 6. Be2 Nc6 7. Ngf3 a6 8. a4 Ng4 9. O-O Qf6 10. Nc4 h6
11. Qc2 O-O 12. b4 Bxb4 13. cxb4 Qxa1 14. Bb2 Qa2 15. Ra1 Qxa1+ 16. Bxa1 b5 17.
Ncd2 Bb7 18. Nb3 bxa4 19. Nc5 Bc8 20. Qxa4 Nb8 21. Qa3 Rd8 22. Qc3 Nf6 23. Ne5
Ra7 24. Ng4 Ne8 25. Nxh6+ Kh7 26. Nxf7 Rd6 27. Nxd6 cxd6 28. Nb3 Rc7 29. Qd2 e5
30. Na5 Nf6 31. f3 Nbd7 32. g4 Ne8 33. Bb2 Ndf6 34. Bc4 g6 35. Bb3 Kg7 36. Bc1
Ng8 37. Qe3 Nef6 38. Bd2 Kf8 39. Qd3 Rd7 40. Qc4 1-0

[Event "N3_Gr_12"]
[Site "?"]
[Date "2004.01.18"]
[Round "5.8"]
[White "Agrusti, Gaetan"]
[Black "Pons, Jean-Marc"]
[Result "0-1"]
[WhiteElo "1660"]
[BlackElo "1499"]
[PlyCount "74"]
[EventDate "2004.??.??"]

{N3 Ronde 5 Match Clermont-Ferrand PdR / Vienne
} 1. e4 e6 2. d4 d5 3. Nc3 Nf6
4. Bg5 Bb4 5. e5 h6 6. Bd2 Bxc3 7. bxc3 Ne4 8. Bd3 Nxd2 9. Kxd2 c5 10. Qg4 g6
11. h4 Bd7 12. Rh3 Bc6 13. Rf3 Qe7 14. Bxg6 fxg6 15. Qxg6+ Kd8 16. Rf7 Be8 17.
Rxe7 Bxg6 18. Rxe6 Bf7 19. Rf6 Ke7 20. Rb1 b6 21. Ne2 Nd7 22. Rd6 Rac8 23. Nf4
cxd4 24. cxd4 Rc4 25. Nxd5+ Bxd5 26. Rxd5 Rhc8 27. Rb2 Nf8 28. Kd3 Ne6 29. g3
Rc3+ 30. Kd2 R3c4 31. f4 Nxd4 32. Rd6 Nf5 33. Rf6 Nxg3 34. Rxh6 Rd8+ 35. Ke1
Rxf4 36. Rh7+ Ke6 37. Rxa7 Rf1# 0-1

[Event "N3_Gr_12"]
[Site "?"]
[Date "2004.01.18"]
[Round "5.9"]
[White "Deat, Gaelle"]
[Black "Abou, Elodie"]
[Result "0-1"]
[WhiteElo "1240"]
[BlackElo "1630"]
[PlyCount "82"]
[EventDate "2004.??.??"]

{N3 Ronde 5 Match Clermont-Ferrand PdR / Vienne
} 1. c4 c5 2. Nf3 Nc6 3. e3
Nf6 4. Nc3 g6 5. d4 cxd4 6. exd4 d5 7. Bd3 dxc4 8. Bxc4 Bg7 9. O-O O-O 10. a3
Bg4 11. Be3 Bxf3 12. gxf3 Qc7 13. d5 Ne5 14. Bb3 Rfd8 15. Nb5 Qa5 16. a4 Rd7
17. Bd2 Qd8 18. f4 Nd3 19. Bc3 Nc5 20. Bc4 a6 21. Na3 Nxd5 22. Qf3 Nxc3 23.
bxc3 e6 24. Be2 Nxa4 25. Rab1 Nxc3 26. Rxb7 Nxe2+ 27. Kh1 Rxb7 28. Qxb7 Qd5+
29. Qxd5 exd5 30. Nb1 Nxf4 31. Rd1 d4 32. Kg1 d3 33. f3 a5 34. Kf2 Re8 35. Kg3
g5 36. Nc3 Ne2+ 37. Nxe2 dxe2 38. Re1 Bc3 39. Rc1 e1=Q+ 40. Rxe1 Bxe1+ 41. Kg4
a4 0-1

[Event "N3_Gr_12"]
[Site "?"]
[Date "2004.01.18"]
[Round "5.1"]
[White "Safranska, Anda"]
[Black "Cau, Benjamin"]
[Result "1/2-1/2"]
[WhiteElo "2263"]
[BlackElo "2133"]
[PlyCount "121"]
[EventDate "2004.??.??"]

{N3 Ronde 5 Match Lyon Olympic II / Bron
} 1. e4 c6 2. d3 d5 3. Nd2 e5 4. Ngf3
Bd6 5. d4 exd4 6. exd5 cxd5 7. Bb5+ Bd7 8. Qe2+ Qe7 9. Bxd7+ Nxd7 10. Qxe7+
Nxe7 11. Nxd4 O-O 12. O-O Rac8 13. Rd1 Ne5 14. N2b3 Nc4 15. Rb1 Rfe8 16. c3 h6
17. g3 a6 18. Nd2 b5 19. Nxc4 Rxc4 20. a3 Rb8 21. Be3 a5 22. Nb3 a4 23. Nd4 Kf8
24. Rd3 Rcc8 25. Re1 Rb7 26. Kg2 Rbb8 27. Nc2 Bc5 28. Bf4 Rb7 29. Nb4 Rd7 30.
Na6 Bb6 31. Red1 Rcd8 32. Nb4 Bc5 33. Nc2 Nc6 34. Be3 Bxe3 35. Nxe3 Ne7 36. Rd4
Ke8 37. h4 Rd6 38. Rb4 Rb6 39. h5 Rd7 40. Rbd4 Rbd6 41. c4 bxc4 42. Nxc4 Re6
43. Ne3 Rb6 44. Rxa4 Rxb2 45. Ra8+ Rd8 46. Rxd8+ Kxd8 47. Nxd5 Nxd5 48. Rxd5+
Ke7 49. Ra5 Kf6 50. Kf3 g6 51. Ra6+ Kg5 52. hxg6 fxg6 53. a4 Ra2 54. Ke3 h5 55.
f3 Ra1 56. f4+ Kf5 57. Ra5+ Kf6 58. Kd4 Ra3 59. Ra6+ Kf5 60. Ra5+ Kf6 61. Ra6+
1/2-1/2

[Event "N3_Gr_12"]
[Site "?"]
[Date "2004.01.18"]
[Round "5.2"]
[White "Savoya, Alexandre"]
[Black "Garcia, Olivier"]
[Result "1/2-1/2"]
[WhiteElo "2049"]
[BlackElo "2243"]
[PlyCount "102"]
[EventDate "2004.??.??"]

{N3 Ronde 5 Match Lyon Olympic II / Bron
} 1. f4 d5 2. e3 Nf6 3. Nf3 Bg4 4. d4
e6 5. c3 Nbd7 6. Bd3 Bd6 7. O-O c6 8. Qc2 Bxf3 9. gxf3 Nh5 10. Kh1 c5 11. b3
cxd4 12. cxd4 Rc8 13. Qe2 Qh4 14. Qg2 f5 15. Qg5 Qxg5 16. fxg5 h6 17. g6 Nf8
18. Ba3 Bxa3 19. Nxa3 Nxg6 20. Nb5 Ke7 21. Nxa7 Rc3 22. Rad1 Nh4 23. Nb5 Rc6
24. a4 g5 25. Rc1 Rhc8 26. Rb1 Rg8 27. Rbc1 g4 28. fxg4 fxg4 29. Na7 Rxc1 30.
Rxc1 g3 31. Rc7+ Kf6 32. hxg3 Nxg3+ 33. Kg1 Ngf5+ 34. Kf1 Nxe3+ 35. Ke2 Neg2
36. Kf2 Nf4 37. Bf1 Nf5 38. Nb5 h5 39. Rxb7 h4 40. a5 Ng3 41. a6 h3 42. Bxh3
Ne4+ 43. Ke3 Nxh3 44. a7 Rg3+ 45. Ke2 Nf4+ 46. Kd1 Rg1+ 47. Kc2 Rg2+ 48. Kb1
Nd2+ 49. Kc2 Ne4+ 50. Kb1 Nd2+ 51. Kc2 Ne4+ 1/2-1/2

[Event "N3_Gr_12"]
[Site "?"]
[Date "2004.01.18"]
[Round "5.3"]
[White "Caffenne, Philippe"]
[Black "Burdet, Francois"]
[Result "0-1"]
[WhiteElo "2078"]
[BlackElo "2013"]
[PlyCount "82"]
[EventDate "2004.??.??"]

{N3 Ronde 5 Match Lyon Olympic II / Bron
} 1. e4 e5 2. Nf3 Nf6 3. Nxe5 d6 4.
Nxf7 Kxf7 5. Nc3 Be7 6. Bc4+ d5 7. Nxd5 Be6 8. Qf3 Nc6 9. Nxe7 Qxe7 10. Bxe6+
Qxe6 11. O-O Nd4 12. Qd1 Qxe4 13. c3 Ne2+ 14. Kh1 Nf4 15. f3 Qd3 16. Qb3+ Kg6
17. Rg1 Rhe8 18. Qxb7 Rad8 19. Qxc7 Ne2 20. Qxa7 Rd5 21. Qf2 Nxg1 22. Kxg1 Rde5
23. h3 Re1+ 24. Kh2 Qd6+ 25. f4 Qd3 26. Qg3+ Qxg3+ 27. Kxg3 Ne4+ 28. Kf3 Nxd2+
29. Bxd2 Rxa1 30. a3 Rb8 31. b4 Rxa3 32. Ke4 Ra2 33. f5+ Kf6 34. Bf4 Re8+ 35.
Kf3 Rc2 36. b5 Rxc3+ 37. Kg4 Rb3 38. Bg5+ Kf7 39. Kh4 g6 40. fxg6+ Kxg6 41. Bf4
Re4 0-1

[Event "N3_Gr_12"]
[Site "?"]
[Date "2004.01.18"]
[Round "5.4"]
[White "Covolo, Thierry"]
[Black "Lacour, Serge"]
[Result "1/2-1/2"]
[WhiteElo "1960"]
[BlackElo "2124"]
[PlyCount "45"]
[EventDate "2004.??.??"]

{N3 Ronde 5 Match Lyon Olympic II / Bron
} 1. e4 c5 2. Nf3 Nc6 3. d4 cxd4 4.
Nxd4 e5 5. Nb5 d6 6. N1c3 a6 7. Na3 b5 8. Nd5 Nge7 9. Bg5 h6 10. Bh4 Qa5+ 11.
c3 Ng6 12. Bg3 Be7 13. Nc2 O-O 14. Nce3 Be6 15. Be2 Rac8 16. Bh5 Nf4 17. Bxf4
exf4 18. Nxf4 b4 19. O-O bxc3 20. bxc3 Qxc3 21. Nfd5 Qe5 22. Rc1 Bxd5 23. Qxd5
1/2-1/2

[Event "N3_Gr_12"]
[Site "?"]
[Date "2004.01.18"]
[Round "5.5"]
[White "Rosenfeld, Imre"]
[Black "Zilliox, Claude"]
[Result "1-0"]
[WhiteElo "2013"]
[BlackElo "1970"]
[PlyCount "69"]
[EventDate "2004.??.??"]

{N3 Ronde 5 Match Lyon Olympic II / Bron
} 1. d4 d5 2. Nf3 Nf6 3. e3 e6 4. Bd3
c5 5. c3 Be7 6. Nbd2 O-O 7. Ne5 Bd7 8. O-O Nc6 9. f4 Qc7 10. Qf3 Bd6 11. g4 Ne7
12. Qh3 g6 13. Rf3 Kg7 14. g5 Nh5 15. Nf1 Rh8 16. Ng3 f5 17. Nxh5+ gxh5 18.
Qxh5 Bxe5 19. fxe5 Ng8 20. Bd2 Be8 21. Qh3 Bg6 22. Qf1 Ne7 23. c4 Rac8 24. Rc1
Qb6 25. Bc3 cxd4 26. exd4 h6 27. Rg3 hxg5 28. Rxg5 Rh6 29. Rc2 Rch8 30. Rcg2
Qc6 31. c5 Qe8 32. Bd2 Rh5 33. R5g3 Qg8 34. Bg5 Nc6 35. Bf6+ 1-0

[Event "N3_Gr_12"]
[Site "?"]
[Date "2004.01.18"]
[Round "5.6"]
[White "Didier, Eric"]
[Black "Timotic, Nicolas"]
[Result "0-1"]
[WhiteElo "1990"]
[BlackElo "2107"]
[PlyCount "54"]
[EventDate "2004.??.??"]

{N3 Ronde 5 Match Lyon Olympic II / Bron
} 1. e4 e5 2. Nf3 Nc6 3. Bc4 Bc5 4.
b4 Bxb4 5. c3 Be7 6. d4 Na5 7. Be2 exd4 8. Qxd4 Nf6 9. e5 Nc6 10. Qh4 Nd5 11.
Qg3 g6 12. h4 d6 13. h5 Rg8 14. hxg6 hxg6 15. Qh2 dxe5 16. Bb5 f6 17. Qh7 Be6
18. Nh4 Bf7 19. Nf3 Qd7 20. Bb2 Qg4 21. Nbd2 a6 22. Bxc6+ bxc6 23. O-O-O Qa4
24. a3 Bxa3 25. Rh4 Bxb2+ 26. Kxb2 Rb8+ 27. Kc1 Qa1+ 0-1

[Event "N3_Gr_12"]
[Site "?"]
[Date "2004.01.18"]
[Round "5.7"]
[White "Candy, Romain"]
[Black "Dijon, Jean-Michel"]
[Result "1/2-1/2"]
[WhiteElo "1982"]
[BlackElo "1840"]
[PlyCount "79"]
[EventDate "2004.??.??"]

{N3 Ronde 5 Match Lyon Olympic II / Bron
} 1. e4 c5 2. Nf3 Nc6 3. d4 cxd4 4.
Nxd4 Nf6 5. Nc3 e5 6. Ndb5 d6 7. Nd5 Nxd5 8. exd5 Ne7 9. c3 Ng6 10. Qa4 Bd7 11.
Qa3 Qb8 12. Qa5 b6 13. Qa6 13... Bc8 $11 14. Qa4 Bd7 15. Qc4 Kd8 16. Be3 a6 17.
Na3 b5 18. Qb4 Be7 19. Nc2 Bf6 20. Bd3 a5 21. Qb3 Ke7 22. O-O Re8 23. Na3 b4
24. cxb4 axb4 25. Nc2 Ba4 26. Qxb4 Bxc2 27. Qxb8 Rexb8 28. Bxc2 Rxb2 29. Bb3 e4
30. Rae1 30... Bc3 $11 31. Bg5+ f6 32. Rxe4+ Kf7 33. Bc1 Rbxa2 34. Bxa2 Rxa2
35. Rc4 Ba5 36. Rc8 Re2 37. Ra8 Bb6 38. Rb8 Bc5 39. Rb7+ Ne7 40. Bf4 1/2-1/2

[Event "N3_Gr_12"]
[Site "?"]
[Date "2004.01.18"]
[Round "5.8"]
[White "Boillaud, Jean-Marie"]
[Black "Le Roux, Yann-Erle"]
[Result "0-1"]
[WhiteElo "1860"]
[BlackElo "2058"]
[PlyCount "108"]
[EventDate "2004.??.??"]

{N3 Ronde 5 Match Lyon Olympic II / Bron
} 1. e4 c6 2. f4 d5 3. e5 c5 4. c3
Bf5 5. d3 e6 6. Be2 h5 7. Nf3 Nc6 8. Na3 Nh6 9. Qb3 Qd7 10. h3 Be7 11. Be3 a6
12. Qd1 b5 13. Nc2 Rc8 14. O-O Bg6 15. Bf2 Qd8 16. Qd2 c4 17. d4 Bxc2 18. Qxc2
g6 19. Qd2 h4 20. Bd1 Nf5 21. Bc2 Ng7 22. Kh2 Kd7 23. Rfb1 b4 24. Be1 a5 25.
Ba4 Nf5 26. Qc1 Qb6 27. b3 cxb3 28. Rxb3 Kd8 29. Bxc6 Qxc6 30. Rab1 Kd7 31.
R3b2 Rc7 32. Rc2 Rhc8 33. Qb2 Qa6 34. Rbc1 Ne3 35. Rf2 Qd3 36. Qb3 bxc3 37.
Bxc3 Rxc3 38. Qb7+ Kd8 39. Rxc3 Qxc3 40. Qb6+ Qc7 41. Qb3 Nf5 42. Rb2 Ke8 43.
Qb5+ Kf8 44. Qd3 Qc1 45. Rd2 Ng3 46. Rd1 Qxf4 47. Kg1 Nf5 48. a4 Qe3+ 49. Qxe3
Nxe3 50. Rb1 Bb4 51. Nxh4 Rc4 52. Nf3 Nf5 53. Rd1 Bc3 54. Kh2 Nxd4 0-1

[Event "N3_Gr_12"]
[Site "?"]
[Date "2004.01.18"]
[Round "5.9"]
[White "Harnois, Clementine"]
[Black "Baudin, Sandrine"]
[Result "1-0"]
[WhiteElo "1880"]
[BlackElo "1710"]
[PlyCount "43"]
[EventDate "2004.??.??"]

{N3 Ronde 5 Match Lyon Olympic II / Bron
} 1. Nf3 Nf6 2. b3 g6 3. Bb2 Bg7 4.
e3 O-O 5. Be2 d6 6. d4 Bf5 7. O-O Nc6 8. Nbd2 a6 9. Rc1 Ne4 10. c4 d5 11. Ba3
Re8 12. Nxe4 Bxe4 13. Ng5 Bf5 14. cxd5 Qxd5 15. Bc4 Qa5 16. Bxf7+ Kf8 17. Bxe8
Rxe8 18. Bb2 Qxa2 19. Ba1 Rc8 20. d5 Nb4 21. Bxg7+ Kxg7 22. Qd4+ 1-0

[Event "N3_Gr_12"]
[Site "?"]
[Date "2004.01.18"]
[Round "5.1"]
[White "Chassain, Denis"]
[Black "Girardon, Jerome"]
[Result "1/2-1/2"]
[WhiteElo "2330"]
[BlackElo "2180"]
[PlyCount "63"]
[EventDate "2004.??.??"]

{N3 Ronde 5 Match Clermont Echecs / Gueugnon
} 1. d4 Nf6 2. c3 g6 3. Nf3 Bg7
4. Bg5 O-O 5. Nbd2 d6 6. e4 Nfd7 7. Be2 Qe8 8. O-O e5 9. dxe5 Nxe5 10. Nxe5
dxe5 11. Qc2 Be6 12. Rad1 Qc6 13. b3 Nd7 14. Bc4 Rfe8 15. Bxe6 Qxe6 16. Nc4 Bf8
17. Ne3 c6 18. Rd2 a5 19. Rfd1 Nc5 20. h3 f6 21. Bh4 Be7 22. f3 b5 23. Bf2 Rec8
24. Nf1 Rc7 25. Bxc5 Bxc5+ 26. Kh1 Raa7 27. Rd8+ Kg7 28. Qd2 Be7 29. Rd3 Bc5
30. Rd8 Be7 31. Rd3 Bc5 32. Rd8 1/2-1/2

[Event "N3_Gr_12"]
[Site "?"]
[Date "2004.01.18"]
[Round "5.2"]
[White "Bouchot, Frederic"]
[Black "Rouler, Charly"]
[Result "0-1"]
[WhiteElo "2170"]
[BlackElo "2252"]
[PlyCount "62"]
[EventDate "2004.??.??"]

{N3 Ronde 5 Match Clermont Echecs / Gueugnon
} 1. e4 e6 2. b3 b6 3. d4 Bb7 4.
Bd3 f5 5. exf5 Bxg2 6. Qh5+ g6 7. fxg6 Bg7 8. gxh7+ Kf8 9. hxg8=Q+ Kxg8 10. Qg6
Bxh1 11. Bg5 Qf8 12. h4 Nc6 13. h5 Qe8 14. Qxe8+ Rxe8 15. Bg6 Rf8 16. c3 Bf6
17. Be3 Ne7 18. Bd3 Rxh5 19. Ne2 Nd5 20. Ng3 Rh8 21. Bd2 c5 22. dxc5 bxc5 23.
Ne4 Bh4 24. Na3 Nf4 25. Bc2 Bxe4 26. Bxe4 d5 27. Bxf4 Rxf4 28. Bd3 Bxf2+ 29.
Kd2 Rh2 30. Nb5 a6 31. Nc7 Bg3+ 0-1

[Event "N3_Gr_12"]
[Site "?"]
[Date "2004.01.18"]
[Round "5.3"]
[White "Duluc, Jeremie"]
[Black "Lauferon, Patrick"]
[Result "0-1"]
[WhiteElo "2195"]
[BlackElo "2195"]
[PlyCount "92"]
[EventDate "2004.??.??"]

{N3 Ronde 5 Match Clermont Echecs / Gueugnon
} 1. c4 c6 2. Nf3 Nf6 3. e3 d5 4.
Qc2 g6 5. b4 Bg7 6. Bb2 O-O 7. Be2 Bf5 8. d3 Qb6 9. a3 a5 10. Bd4 Qd8 11. Nbd2
axb4 12. axb4 Rxa1+ 13. Bxa1 Na6 14. Bc3 Ne8 15. O-O Qd6 16. Rb1 f6 17. b5 Nac7
18. bxc6 bxc6 19. Rb6 Na8 20. Ra6 Nec7 21. Ra7 e5 22. cxd5 cxd5 23. Qa4 Rb8 24.
d4 e4 25. Ne1 Bd7 26. Qa1 Bf8 27. Nc2 Qb6 28. Ra2 Qc6 29. Ba5 Ne6 30. Qc3 Qxc3
31. Bxc3 Rc8 32. Bb4 Rxc2 33. Rxa8 Kf7 34. Ba5 Ra2 35. Ra7 Ke8 36. h4 Bb4 37.
Nb3 Ra3 38. Nc5 Rxa5 39. Rxd7 Nxc5 40. Rxd5 Nd3 41. Rxa5 Bxa5 42. g4 Be1 43.
Bxd3 exd3 44. Kf1 Bc3 45. f3 Ke7 46. Kf2 Kd6 0-1

[Event "N3_Gr_12"]
[Site "?"]
[Date "2004.01.18"]
[Round "5.4"]
[White "Gallini, Patrice"]
[Black "Bonnamour, Matthieu"]
[Result "0-1"]
[WhiteElo "2049"]
[BlackElo "2049"]
[PlyCount "48"]
[EventDate "2004.??.??"]

{N3 Ronde 5 Match Clermont Echecs / Gueugnon
} 1. d4 g6 2. e4 d6 3. c4 Bg7 4.
Nc3 Nd7 5. Nf3 e5 6. Be2 Ne7 7. Be3 h6 8. g4 exd4 9. Nxd4 Nc6 10. Qd2 Nde5 11.
h3 Nxd4 12. Bxd4 Be6 13. b3 Qf6 14. O-O-O c5 15. Bxe5 Qxe5 16. Nb1 Bf6 17. f4
Qxe4 18. Bd3 Qd4 19. Rhe1 O-O-O 20. Qh2 Qa1 21. Qg2 d5 22. Bxg6 dxc4 23. bxc4
Rxd1+ 24. Rxd1 fxg6 0-1

[Event "N3_Gr_12"]
[Site "?"]
[Date "2004.01.18"]
[Round "5.5"]
[White "Piat, Jerome"]
[Black "Romieu, Flore"]
[Result "1/2-1/2"]
[WhiteElo "2085"]
[BlackElo "1976"]
[PlyCount "107"]
[EventDate "2004.??.??"]

{N3 Ronde 5 Match Clermont Echecs / Gueugnon
} 1. e4 e5 2. Bc4 Nf6 3. d3 Bc5
4. Nf3 Nc6 5. O-O d6 6. c3 h6 7. a4 a5 8. Be3 Ba7 9. Nbd2 O-O 10. Qb3 Ne7 11.
Rae1 c6 12. d4 d5 13. exd5 cxd5 14. Be2 e4 15. Ne5 Nc6 16. Nxc6 bxc6 17. f3
exf3 18. Nxf3 Re8 19. Bc1 c5 20. Bb5 Rxe1 21. Rxe1 cxd4 22. Nxd4 Qd6 23. Qd1
Bg4 24. Qd3 Ne4 25. g3 Bh3 26. Qf3 Qe5 27. Be3 Ng5 28. Qe2 28... Qe4 $11 29.
Bxg5 Qxe2 30. Rxe2 hxg5 31. Re5 Be6 32. Kf1 Bxd4 33. cxd4 g4 34. Re3 Rc8 35.
Rc3 Rxc3 36. bxc3 Kf8 37. Ke2 Ke7 38. Kd3 Kd6 39. c4 dxc4+ 40. Bxc4 g6 41. Ba6
Kd5 42. Bc4+ Kd6 43. Bxe6 fxe6 44. Ke3 Kd5 45. Kd3 45... Kd6 $11 46. Ke4 g5 47.
Ke3 Kc6 48. Kd3 Kd5 49. Kc3 Kd6 50. Kd2 Kc6 51. Ke3 Kd7 52. Kd3 Kc7 53. Ke4 Kd6
54. Kd3 1/2-1/2

[Event "N3_Gr_12"]
[Site "?"]
[Date "2004.01.18"]
[Round "5.6"]
[White "Perisse, Loic"]
[Black "Quenolle, Philippe"]
[Result "1/2-1/2"]
[WhiteElo "2030"]
[BlackElo "1900"]
[PlyCount "35"]
[EventDate "2004.??.??"]

{N3 Ronde 5 Match Clermont Echecs / Gueugnon
} 1. e4 d5 2. d4 dxe4 3. Nc3 Nf6
4. Bg5 Nbd7 5. Qe2 g6 6. Nxe4 Bg7 7. O-O-O O-O 8. Nf3 c6 9. Kb1 Nxe4 10. Qxe4
Nf6 11. Bxf6 Bxf6 12. g4 Qd5 13. Qxd5 cxd5 14. h3 Bd7 15. Bg2 e6 16. Rhe1 Rfc8
17. Bf1 b5 18. Re3 1/2-1/2

[Event "N3_Gr_12"]
[Site "?"]
[Date "2004.01.18"]
[Round "5.7"]
[White "Lageyre, Pascal"]
[Black "Jallerat, Denis"]
[Result "1/2-1/2"]
[WhiteElo "1890"]
[BlackElo "1980"]
[PlyCount "47"]
[EventDate "2004.??.??"]

{N3 Ronde 5 Match Clermont Echecs / Gueugnon
} 1. d4 e6 2. c4 Nf6 3. Nf3 b6 4.
a3 Bb7 5. Nc3 Be7 6. d5 O-O 7. e4 exd5 8. cxd5 d6 9. Bd3 Nbd7 10. O-O Ne5 11.
Nxe5 dxe5 12. Be3 c6 13. dxc6 Bxc6 14. Rc1 Qd7 15. f3 Rfd8 16. Bb1 Qxd1 17.
Rfxd1 Rxd1+ 18. Rxd1 Rd8 19. Rxd8+ Bxd8 20. Ba2 Kf8 21. Kf2 Be7 22. b4 Ne8 23.
Ke2 Nc7 24. Bc4 1/2-1/2

[Event "N3_Gr_12"]
[Site "?"]
[Date "2004.01.18"]
[Round "5.8"]
[White "Gauer, Jacques"]
[Black "Breha, Guillaume"]
[Result "1-0"]
[WhiteElo "2066"]
[BlackElo "1840"]
[PlyCount "55"]
[EventDate "2004.??.??"]

{N3 Ronde 5 Match Clermont Echecs / Gueugnon
} 1. e4 c5 2. c3 Nf6 3. e5 Nd5 4.
Nf3 Nc6 5. Bc4 Nb6 6. Bb3 c4 7. Bc2 Qc7 8. Qe2 g5 9. h3 Bg7 10. O-O g4 11. hxg4
Nxe5 12. Re1 Nxf3+ 13. gxf3 d6 14. d4 Be6 15. Bf4 O-O-O 16. Nd2 h5 17. Ne4 hxg4
18. fxg4 Bd5 19. Ng3 e6 20. Be4 Bh6 21. Qe3 Bxf4 22. Qxf4 Rdg8 23. f3 Qd8 24.
Kg2 Bxe4 25. Qxe4 Qg5 26. Qe3 Nd5 27. Qxg5 Rxg5 28. Ne4 1-0

[Event "N3_Gr_12"]
[Site "?"]
[Date "2004.01.18"]
[Round "5.9"]
[White "Cordonnier, Agnes"]
[Black "Romieu, Jean-Louis"]
[Result "0-1"]
[WhiteElo "1650"]
[BlackElo "1974"]
[PlyCount "76"]
[EventDate "2004.??.??"]

{N3 Ronde 5 Match Clermont Echecs / Gueugnon
} 1. e4 c5 2. d4 cxd4 3. c3 dxc3
4. Nxc3 Nc6 5. Nf3 d6 6. Bc4 e6 7. Qe2 Nf6 8. O-O a6 9. a3 Be7 10. Rd1 Qc7 11.
Bf4 Ne5 12. Ba2 O-O 13. Rac1 Qb8 14. Rd2 b5 15. b4 Bb7 16. Nxe5 dxe5 17. Bg5
Rd8 18. f3 Rxd2 19. Bxd2 Qe8 20. Nd1 Rc8 21. Bc3 Bd8 22. Qb2 Bb6+ 23. Kh1 Bd4
24. Qd2 h6 25. Bb2 Rxc1 26. Bxc1 Qc6 27. Bb2 Qb6 28. Nc3 Be3 29. Qe2 Nh5 30. g3
Nf6 31. Nd1 Bd4 32. Bxd4 Qxd4 33. Nf2 Kf8 34. Kg2 Ke7 35. Qc2 Kd6 36. Nd3 Nxe4
37. Bb1 Ng5 38. Ne1 e4 0-1

[Event "N3_Gr_12"]
[Site "?"]
[Date "2004.02.01"]
[Round "6.1"]
[White "Girardon, Jerome"]
[Black "Saucey, Michel"]
[Result "0-1"]
[WhiteElo "2180"]
[BlackElo "2331"]
[PlyCount "64"]
[EventDate "2004.??.??"]

{N3 Ronde 6 Match  Gueugnon / Clermont-Ferrand EC
} 1. d4 d5 2. e4 dxe4 3. Nc3
Nf6 4. Bg5 Nbd7 5. Qe2 e6 6. O-O-O c6 7. Kb1 Be7 8. Nxe4 Nxe4 9. Bxe7 Nc3+ 10.
bxc3 Qxe7 11. Qg4 O-O 12. Qg3 Nf6 13. Bd3 c5 14. Ne2 b6 15. Rde1 Bb7 16. h4
Rac8 17. h5 c4 18. h6 g6 19. Bxg6 fxg6 20. Nf4 Ne4 21. Rxe4 Bxe4 22. Re1 Rxf4
23. Qxf4 Bd5 24. f3 Qc7 25. Qg4 Rf8 26. Qh4 Qf4 27. Qh3 b5 28. a3 a5 29. Kb2 b4
30. axb4 axb4 31. Rb1 bxc3+ 32. Kxc3 Qe3+ 0-1

[Event "N3_Gr_12"]
[Site "?"]
[Date "2004.02.01"]
[Round "6.2"]
[White "Kuzev, Jordan"]
[Black "Bouchot, Frederic"]
[Result "1-0"]
[WhiteElo "2356"]
[BlackElo "2170"]
[PlyCount "63"]
[EventDate "2004.??.??"]

{N3 Ronde 6 Match  Gueugnon / Clermont-Ferrand EC
} 1. Nf3 Nc6 2. d4 d5 3. g3
Nf6 4. Bg2 Bg4 5. Ne5 Bf5 6. O-O e6 7. c4 Bd6 8. Qa4 Bxe5 9. dxe5 Nd7 10. cxd5
Nb6 11. Qb5 a6 12. Qc5 exd5 13. Nc3 Qe7 14. Qxe7+ Nxe7 15. Rd1 O-O-O 16. Bg5
Rde8 17. Rac1 Kb8 18. b3 h6 19. Be3 Nec8 20. Nxd5 g5 21. Nxc7 Rd8 22. Nd5 Nxd5
23. Rxd5 Be6 24. Rdd1 Ne7 25. Bc5 Nc8 26. f4 gxf4 27. gxf4 Rhg8 28. Rxd8 Rxd8
29. e4 Rd2 30. f5 Bd7 31. Be3 Rxa2 32. Bf4 1-0

[Event "N3_Gr_12"]
[Site "?"]
[Date "2004.02.01"]
[Round "6.3"]
[White "Lauferon, Patrick"]
[Black "Flouzat, Jean-Marc"]
[Result "1/2-1/2"]
[WhiteElo "2195"]
[BlackElo "2189"]
[PlyCount "75"]
[EventDate "2004.??.??"]

{N3 Ronde 6 Match  Gueugnon / Clermont-Ferrand EC
} 1. d4 d5 2. c4 c6 3. Nc3
Nf6 4. Nf3 e6 5. e3 Nbd7 6. Bd3 Bd6 7. O-O O-O 8. e4 dxc4 9. Bxc4 e5 10. Bg5 h6
11. Bh4 Qe7 12. Re1 Rd8 13. d5 Nb6 14. Qb3 Bg4 15. Nd2 g5 16. Bg3 Kg7 17. Be2
Bd7 18. a4 Rab8 19. a5 Nc8 20. Nc4 cxd5 21. exd5 Ne8 22. Bh5 f6 23. Qc2 Kh8 24.
Ne4 Bf5 25. Bxe8 Rxe8 26. Qe2 Bxe4 27. Qxe4 Qh7 28. Qf3 Qg6 29. Re2 Bc7 30. Qc3
Kh7 31. Rd1 Bd6 32. Nxd6 Nxd6 33. Qc7+ Nf7 34. d6 Rec8 35. Qe7 Re8 36. Qc7 Rec8
37. Qe7 Re8 38. Qc7 1/2-1/2